25 Most Common Japanese Surnames (Kanji as Hint) - Statistics

General Stats
  • This quiz has been taken 2,076 times
  • The average score is 13 of 25
Answer Stats
Kanji Surname % Correct
田中 Tanaka
80%
山田 Yamada
73%
山口 Yamaguchi
73%
Mori
68%
山本 Yamamoto
67%
中村 Nakamura
66%
鈴木 Suzuki
59%
中島 Nakajima
55%
佐藤 Satō
55%
木村 Kimura
53%
高橋 Takahashi
50%
Hayashi
47%
小林 Kobayashi
47%
山崎 Yamazaki
47%
松本 Matsumoto
45%
伊藤 Itō
42%
渡辺 Watanabe
41%
佐々木 Sasaki
40%
阿部 Abe
38%
加藤 Katō
38%
吉田 Yoshida
37%
井上 Inoue
36%
斉藤 Saitō
32%
斎藤 Saitō
32%
清水 Shimizu
29%
No matching quizzes found
Score Distribution
Percent of People with Each Score
Percentile by Number Answered
Your Score History
You have not taken this quiz